[Event "Ruhrgebiet Verbandsklasse Gruppe 1 1617"]
[Site "Germany"]
[Date "2016.10.30"]
[Round "3.8"]
[White "Stubbe, Frank"]
[Black "Kraska, Erwin"]
[Result "1-0"]
[WhiteElo "1685"]
[BlackElo "1542"]
[PlyCount "101"]
[EventDate "2016.09.04"]
[EventType "team-tourn"]
[EventRounds "9"]
[EventCountry "GER"]
[SourceTitle "EXT 2022"]
[Source "ChessBase"]
[SourceDate "2021.10.06"]
[SourceVersion "1"]
[SourceVersionDate "2021.10.06"]
[SourceQuality "1"]
[WhiteTeam "Recklinghausen Altstadt"]
[BlackTeam "Muelheim Nord IV"]
[WhiteTeamCountry "GER"]
[BlackTeamCountry "GER"]

1. e4 g6 2. d4 d6 3. Nf3 Bg7 4. c3 Nf6 5. Bd3 0-0 6. 0-0 Bg4 7. h3 Bxf3 8. Qxf3 Nc6 9. Bg5 h6 10. Bh4 Nd7 11. g4 a6 12. Nd2 Qe8 13. Qe2 e5 14. d5 Ne7 15. Nc4 g5 16. Bg3 Ng6 17. Ne3 Nf4 18. Bxf4 exf4 19. Nf5 Ne5 20. f3 Rd8 21. Kg2 Nxd3 22. Qxd3 f6 23. Rh1 Kf7 24. h4 Rh8 25. hxg5 fxg5 26. Rh5 Qb5 27. Qxb5 axb5 28. Rah1 Rh7 29. Rxg5 Rdh8 30. Rgh5 Bf8 31. Kf2 Kg6 32. Ke2 c6 33. dxc6 bxc6 34. Nd4 Be7 35. Nxc6 Bg5 36. Nd4 Re8 37. Nxb5 Rd7 38. c4 d5 39. cxd5 Re5 40. Nc3 Rb7 41. Rb1 Bf6 42. Rxe5 Bxe5 43. Kd3 Rb4 44. Kc2 h5 45. gxh5+ Kxh5 46. a3 Rb7 47. b4 Kh4 48. Ne2 Kh3 49. Rg1 Ra7 50. Kb3 Rg7 51. Rxg7 1-0

[Event "Ruhrgebiet Verbandsklasse Gruppe 2 1415"]
[Site "Germany"]
[Date "2015.04.26"]
[Round "9.3"]
[White "Spillmann, Peter"]
[Black "Kraska, Erwin"]
[Result "1-0"]
[WhiteElo "1879"]
[BlackElo "1586"]
[PlyCount "51"]
[EventDate "2014.09.21"]
[EventType "team-tourn"]
[EventRounds "9"]
[EventCountry "GER"]
[SourceTitle "EXT 2022"]
[Source "ChessBase"]
[SourceDate "2021.10.06"]
[SourceVersion "1"]
[SourceVersionDate "2021.10.06"]
[SourceQuality "1"]
[WhiteTeam "Recklinghausen Altstadt"]
[BlackTeam "Muelheim Nord V"]
[WhiteTeamCountry "GER"]
[BlackTeamCountry "GER"]

1. f4 d5 2. Nf3 Nc6 3. e3 e5 4. fxe5 Be7 5. d4 Nh6 6. Bd3 Nb4 7. Be2 Bf5 8. Na3 Be4 9. c3 Nc6 10. 0-0 Nf5 11. Bd3 Bg5 12. Nc2 h5 13. c4 Nh4 14. Nce1 f5 15. cxd5 Qxd5 16. Bxe4 fxe4 17. Nxg5 0-0-0 18. Nf7 Rhf8 19. Nxd8 Rxf1+ 20. Kxf1 Nxe5 21. Qb3 Qxd8 22. dxe5 Qf8+ 23. Kg1 g5 24. Qe6+ Kb8 25. Bd2 b6 26. Qf6 1-0

[Event "Duisburg Grossenbaum op"]
[Site "Duisburg"]
[Date "2006.07.02"]
[Round "6"]
[White "Kraska, Erwin"]
[Black "Verkoyen, Sascha"]
[Result "0-1"]
[WhiteElo "1449"]
[BlackElo "1141"]
[PlyCount "50"]
[EventDate "2006.06.02"]
[EventType "swiss"]
[EventRounds "7"]
[EventCountry "GER"]
[SourceTitle "EXT 2007"]
[Source "ChessBase"]
[SourceDate "2006.11.23"]
[SourceVersion "1"]
[SourceVersionDate "2006.11.23"]
[SourceQuality "1"]

1. e4 e5 2. Nf3 Nc6 3. Bc4 Bc5 4. c3 Nf6 5. d3 0-0 6. b4 Bb6 7. 0-0 d5 8. exd5 Nxd5 9. Bxd5 Nxb4 10. cxb4 Qxd5 11. Nc3 Qd7 12. Bb2 Bd4 13. Nxd4 Qxd4 14. Qc2 Qxb4 15. Nd5 Qd6 16. Nxc7 Rb8 17. Nb5 Qb6 18. Bxe5 Qxb5 19. Bxb8 Bf5 20. Qc7 Rc8 21. Qf4 Bxd3 22. Rfc1 Re8 23. Re1 h6 24. Rxe8+ Qxe8 25. Re1 Qxe1# 0-1

[Event "Duisburg Grossenbaum op"]
[Site "Duisburg"]
[Date "2006.06.03"]
[Round "2"]
[White "Kraska, Erwin"]
[Black "Ratzmann, Stefan"]
[Result "0-1"]
[WhiteElo "1449"]
[BlackElo "1842"]
[PlyCount "70"]
[EventDate "2006.06.02"]
[EventType "swiss"]
[EventRounds "7"]
[EventCountry "GER"]
[SourceTitle "EXT 2007"]
[Source "ChessBase"]
[SourceDate "2006.11.23"]
[SourceVersion "1"]
[SourceVersionDate "2006.11.23"]
[SourceQuality "1"]

1. e4 d6 2. d4 Nf6 3. Nc3 e5 4. dxe5 dxe5 5. Qxd8+ Kxd8 6. Bg5 Bd6 7. 0-0-0 Be6 8. Nb5 Ke7 9. Nxd6 cxd6 10. f3 Nc6 11. Kb1 Rac8 12. Ne2 a6 13. Nc3 h6 14. Nd5+ Bxd5 15. Bxf6+ gxf6 16. exd5 Nd4 17. Bd3 Rc5 18. c3 Nb5 19. Bxb5 Rxb5 20. Rhe1 Rc5 21. Re3 f5 22. Rd4 Kf6 23. Rd2 Rg8 24. Kc2 b5 25. b3 f4 26. Ree2 Ke7 27. b4 Rc7 28. Rxe5+ dxe5 29. d6+ Ke6 30. dxc7 Rc8 31. Rd8 Rxc7 32. Rh8 f6 33. Rxh6 Rg7 34. h4 Rxg2+ 35. Kb3 e4 0-1